|
|
|
|
| LEADER |
00000cam a2200000Ma 4500 |
| 001 |
EBOOKCENTRAL_ocm80244064 |
| 003 |
OCoLC |
| 005 |
20240329122006.0 |
| 006 |
m o d |
| 007 |
cr cn||||||||| |
| 008 |
040407s2004 xxua ob 001 0 eng d |
| 040 |
|
|
|a REDDC
|b eng
|e pn
|c REDDC
|d OCLCQ
|d UAB
|d OCLCQ
|d DKDLA
|d MERUC
|d CCO
|d E7B
|d UMI
|d CEF
|d B24X7
|d DEBSZ
|d OCLCO
|d OCLCQ
|d OCLCA
|d OCLCF
|d OCLCQ
|d EBLCP
|d COO
|d OCLCQ
|d AZK
|d CNNOR
|d MOR
|d PIFBR
|d ZCU
|d LIV
|d OCLCQ
|d U3W
|d BRL
|d STF
|d WRM
|d NRAMU
|d ICG
|d VT2
|d OCLCQ
|d OCLCA
|d WYU
|d G3B
|d A6Q
|d DKC
|d OCLCQ
|d UKCRE
|d OCLCO
|d OCLCQ
|d OCLCO
|
| 019 |
|
|
|a 182738589
|a 236485263
|a 466452882
|a 488559564
|a 560076667
|a 647465806
|a 939263493
|a 961507975
|a 962707189
|a 988416493
|a 992035906
|a 1037448218
|a 1037922250
|a 1038624796
|a 1044217278
|a 1045544060
|a 1055334244
|a 1056374958
|a 1062881921
|a 1073046842
|a 1081239097
|a 1083603889
|a 1100828354
|a 1103582458
|a 1153497045
|a 1228567155
|
| 020 |
|
|
|a 073849898X
|
| 020 |
|
|
|a 9780738498980
|
| 029 |
1 |
|
|a AU@
|b 000053029447
|
| 029 |
1 |
|
|a CHBIS
|b 006152419
|
| 029 |
1 |
|
|a CHVBK
|b 171150627
|
| 029 |
1 |
|
|a DEBBG
|b BV044100352
|
| 029 |
1 |
|
|a DEBSZ
|b 355381915
|
| 029 |
1 |
|
|a HEBIS
|b 291455409
|
| 029 |
1 |
|
|a NZ1
|b 12040670
|
| 035 |
|
|
|a (OCoLC)80244064
|z (OCoLC)182738589
|z (OCoLC)236485263
|z (OCoLC)466452882
|z (OCoLC)488559564
|z (OCoLC)560076667
|z (OCoLC)647465806
|z (OCoLC)939263493
|z (OCoLC)961507975
|z (OCoLC)962707189
|z (OCoLC)988416493
|z (OCoLC)992035906
|z (OCoLC)1037448218
|z (OCoLC)1037922250
|z (OCoLC)1038624796
|z (OCoLC)1044217278
|z (OCoLC)1045544060
|z (OCoLC)1055334244
|z (OCoLC)1056374958
|z (OCoLC)1062881921
|z (OCoLC)1073046842
|z (OCoLC)1081239097
|z (OCoLC)1083603889
|z (OCoLC)1100828354
|z (OCoLC)1103582458
|z (OCoLC)1153497045
|z (OCoLC)1228567155
|
| 037 |
|
|
|a CL0500000024
|b Safari Books Online
|
| 050 |
|
4 |
|a TK5105.5725
|b .T88 2004eb
|
| 082 |
0 |
4 |
|a 004.6/2
|2 21
|
| 049 |
|
|
|a UAMI
|
| 100 |
1 |
|
|a Tuttle, Steven.
|
| 245 |
1 |
0 |
|a Using LDAP for directory integration /
|c [Steven Tuttle, Kedar Godbole, Grant McCarthy].
|
| 250 |
|
|
|a 2nd ed.
|
| 260 |
|
|
|a [Place of publication not identified] :
|b IBM, International Technical Support Organization,
|c ©2004.
|
| 300 |
|
|
|a 1 online resource (xiv, 130 pages) :
|b illustrations.
|
| 336 |
|
|
|a text
|b txt
|2 rdacontent
|
| 337 |
|
|
|a computer
|b c
|2 rdamedia
|
| 338 |
|
|
|a online resource
|b cr
|2 rdacarrier
|
| 347 |
|
|
|a data file
|2 rda
|
| 490 |
1 |
|
|a IBM redbooks
|
| 504 |
|
|
|a Includes bibliographical references and index.
|
| 588 |
0 |
|
|a Print version record.
|
| 590 |
|
|
|a ProQuest Ebook Central
|b Ebook Central Academic Complete
|
| 650 |
|
0 |
|a LDAP (Computer network protocol)
|
| 650 |
|
0 |
|a Computer network protocols.
|
| 650 |
|
6 |
|a LDAP (Protocole de réseaux d'ordinateurs)
|
| 650 |
|
6 |
|a Protocoles de réseaux d'ordinateurs.
|
| 650 |
|
7 |
|a LDAP (Computer network protocol)
|2 blmlsh
|
| 650 |
|
7 |
|a Computer network protocols
|2 fast
|
| 650 |
|
7 |
|a LDAP (Computer network protocol)
|2 fast
|
| 700 |
1 |
|
|a Godbole, Kedar.
|
| 700 |
1 |
|
|a McCarthy, Grant.
|
| 710 |
2 |
|
|a International Business Machines Corporation.
|b International Technical Support Organization.
|
| 776 |
0 |
8 |
|i Print version:
|a Redbooks, IBM.
|t Using LDAP for Directory Integration.
|d Durham : I B M, ©2004
|z 9780738498980
|
| 830 |
|
0 |
|a IBM redbooks.
|
| 856 |
4 |
0 |
|u https://ebookcentral.uam.elogim.com/lib/uam-ebooks/detail.action?docID=3306427
|z Texto completo
|
| 938 |
|
|
|a Books 24x7
|b B247
|n bks00009459
|
| 938 |
|
|
|a EBL - Ebook Library
|b EBLB
|n EBL3306427
|
| 938 |
|
|
|a ebrary
|b EBRY
|n ebr10112368
|
| 994 |
|
|
|a 92
|b IZTAP
|